Central Library OPAC University of Rajshahi

The biological standardisation of the vitamins / (Record no. 11598)

MARC details
000 -LEADER
fixed length control field 00771cam a2200253 4500
001 - CONTROL NUMBER
control field 11598
003 - CONTROL NUMBER IDENTIFIER
rucl marc code BD-RjUL
005 - DATE AND TIME OF LATEST TRANSACTION
control field 20211208235142.0
008 - FIXED-LENGTH DATA ELEMENTS--GENERAL INFORMATION
fixed length control field 140127s19471937mduaf 001 0 eng c
035 ## - SYSTEM CONTROL NUMBER
System control number (BD-RjUL)11647
System control number (NNC)3996613
040 ## - CATALOGING SOURCE
Original cataloging agency Chicago. Univ. Library
Transcribing agency NRC
Modifying agency NRC
-- ZCH
Language of cataloging eng
041 ## - LANGUAGE CODE
Language code of text/sound track or separate title eng
082 ## - DEWEY DECIMAL CLASSIFICATION NUMBER
Classification number 615.328
Author mark and year COB 1947
Edition number 23
100 1# - MAIN ENTRY--PERSONAL NAME
Personal name Coward, Katharine H.
Fuller form of name (Katharine Hope)
Dates associated with a name 1885-
9 (RLIN) 35875
245 14 - TITLE STATEMENT
Title The biological standardisation of the vitamins /
Statement of responsibility, etc. Katharine H. Coward.
250 ## - EDITION STATEMENT
Edition statement 2d ed.
260 ## - PUBLICATION, DISTRIBUTION, ETC. (IMPRINT)
Place of publication, distribution, etc. Baltimore :
Name of publisher, distributor, etc. Williams and Wilkins,
Date of publication, distribution, etc. 1947.
300 ## - PHYSICAL DESCRIPTION
Pagination vii, 224 p.
Illustrations illus., plates.
Size 22 cm.
504 ## - BIBLIOGRAPHY, ETC. NOTE
Bibliography, etc Includes index
650 #0 - SUBJECT ADDED ENTRY--TOPICAL TERM
Topical term or geographic name as entry element Vitamins.
9 (RLIN) 33277
Topical term or geographic name as entry element Biological assay.
9 (RLIN) 35876
942 ## - ADDED ENTRY ELEMENTS (KOHA)
Source of classification or shelving scheme Dewey Decimal Classification
Koha item type Books
Holdings
Lost status Source of classification or shelving scheme Damaged status Not for loan Collection code Permanent Location Current Location Shelving location Date acquired Source of acquisition Cost, normal purchase price Total Checkouts Full call number Date last seen Copy number Koha item type
  Dewey Decimal Classification   Not For Loan Fiction Central Library, University of Rajshahi Central Library, University of Rajshahi Reading Room 11/05/1976 BNBC 0.00   615.328 COB 1947 27/01/2014 C-1 Books